Regional economics : a reader

Bibliographic Details
Other Authors: Richardson, Harry W.
Format: Book
Published: New York : MacMillan , 1970
Subjects:

MARC

LEADER 00000cam a2200000 7i4500
001 0000009566
005 20170104.0
040 |a INS 
090 0 0 |a HT391   |b R5 1970 
245 0 0 |a Regional economics :   |b a reader   |c edited by Harry W. Richardson 
260 |a New York :   |b MacMillan ,   |c 1970 
300 |a 245p ;   |c 22 cm. 
650 0 |a Regional planning 
650 0 0 |a Economics 
700 1 |a Richardson, Harry W. 
999 |a 0000023399   |b BOOK   |c Open Shelf   |e Default branch